Inventar en el fin del mundo : orígenes de la propiedad industrial y el sistema de patentes de invención en Chile (1840-1880) /

Detalles Bibliográficos
Autor principal: Alvarez Caselli, Pedro (Autor)
Formato: Electrónico eBook
Lenguaje:español
Publicado: Santiago, Chile : Ediciones UC, [2023]
Materias:
Acceso en línea:Digitalia Hispánica

MARC

LEADER 00000nam a2200000Ii 4500
001 DIGUCCH0120
003 NyNyDIG
006 m o d
007 cr |||||||||||
008 250202s2023 cl a ob 000 0 spa d
035 |a (OCoLC)1476715843 
040 |a DGITA  |b eng  |e rda  |e pn  |c DGITA 
020 |a 9789561431461  |q digital 
020 |z 9789561431454 
043 |a s-cl--- 
050 1 4 |a HC192 ebook 
100 1 |a Alvarez Caselli, Pedro,  |e author. 
245 1 0 |a Inventar en el fin del mundo :  |b orígenes de la propiedad industrial y el sistema de patentes de invención en Chile (1840-1880) /  |c Pedro Álvarez Caselli. 
264 1 |a Santiago, Chile :  |b Ediciones UC,  |c [2023] 
300 |a 1 online resource :  |b illustrations. 
336 |a text  |b txt  |2 rdacontent 
337 |a computer  |b c  |2 rdamedia 
338 |a online resource  |b cr  |2 rdacarrier 
347 |a text file  |2 rdaft 
347 |b EPUB 
504 |a Includes bibliographical references. 
588 0 |a Online resource; title from ePub title page (Digitalia, viewed February 2, 2025) 
650 0 |a Industries  |z Chile  |x History. 
650 0 |a Patents  |z Chile  |x History. 
651 0 |a Chile  |x History  |y 1840-1880. 
776 0 8 |i Print version:  |a Alvarez Caselli, Pedro.  |t Inventar en el fin del mundo.  |d Santiago, Chile : Ediciones UC, [2023]  |z 9789561431454 
791 2 |a Digitalia (Firm),  |e distributor. 
793 0 |g Digitalia eBook Collection:  |a Ediciones Universidad Católica de Chile 
856 4 0 |3 Digitalia Hispánica  |u https://www.digitaliapublishing.com/a/163027/ 
910 |a Premium collection: 2025